000 01251nam a2200361 a 4500
003 CHAP
005 20220329143323.0
008 080618s1997 mx r 00010 spa d
010 _a94932
011 _a95904
020 _a9687941014
035 _a106538
040 _cCHAP
090 _aFolleto 17358
100 0 0 _aSuárez, Blanca.
_9110739
245 1 0 _aTrabajadoras en el sector agrícola de exportación
_c/por Blanca Suárez, Paloma Bonfil y Norma Escamilla
260 _aMéxico, D.F. :
_bGrupo Interdisciplinario sobre Mujer, Trabajo y Pobreza,
_c1997
300 _a60 p. :
_bcuadros
490 0 _aSerie Cuadernos de trabajo
_v; 4
590 _aBATCH-UPD
_b10
_c20130110
_lUCH01
_h0632
590 _aBATCH-UPD
_b10
_c20130410
_lUCH01
_h0316
590 _aBATCH-UPD
_b10
_c20130914
_lUCH01
_h0656
590 _aCONVERSION
_b10
_c20130109
_lUCH01
_h1352
650 1 4 _aMujer en agricultura.
_979359
650 1 4 _aMujer
_zMichoacán.
_979353
650 1 4 _aTrabajo de la mujer.
_9114490
700 1 _aBonfil Sánchez, Paloma.
_913674
700 1 _aEscamilla, Norma
_937459
830 0 _aSerie Cuadernos de trabajo
_v; 4
_9104674
901 _aBK
942 _cFOLL
949 _aFolleto 17358
_bBC
_cFOLL
_d33724002057900
_eTS1
_gDonaciØn
_i106538
_sb
999 _c94932
_d94932